NFL Head Coaches - Statistics

General Stats
  • This quiz has been taken 69 times
    42 since last reset
  • The average score is 15 of 31
Answer Stats
Hint Answer % Correct
49ers Shanahan
86%
Chargers Jim Harbaugh
75%
Ravens John Harbaugh
75%
Rams McVay
75%
Chiefs Reid
75%
Lions Campbell
68%
Vikings O'Connell
68%
Giants Daboll
64%
Steelers Tomlin
64%
Dolphins McDaniel
61%
Bills McDermott
61%
Eagles Sirianni
61%
Buccaneers Bowles
57%
Broncos Payton
57%
Patriots Vrabel
57%
Packers LaFleur
54%
Commanders Quinn
54%
Bengals Taylor
54%
Browns Stefanski
46%
Falcons Morris
43%
Cardinals Gannon
36%
Seahawks McDonald
36%
Colts Steichen
36%
Panthers Canales
32%
Titans Callahan
25%
Jaguars Vacant
11%
Raiders Vacant
11%
Bears Vacant
11%
Saints Vacant
11%
Jets Vacant
11%
Cowboys Vacant
11%
No matching quizzes found
Score Distribution
Percent of People with Each Score
Percentile by Number Answered
Your Score History
You have not taken this quiz since the last reset